000 00521nam a22001697a 4500
005 20231121071612.0
008 231121b |||||||| |||| 00| 0 eng d
020 _a9780409116380
041 _aEnglish
082 _a343.4 LEG
100 _aLexisNexis Editorial Staff
_lEnglish
245 _aNamibia Legislation /
_cLexisNexis Editorial Staff
260 _aDurban :
_bLexisNexis (Pty) Ltd,
_c1995
300 _b42 pages ;
_c33 cm.
650 _aLegal practice
_bLaw
942 _cBK
_6ALISON_BN_VRIES
999 _c822
_d822